| 000 | 00699nam a2200253 a 4500 | ||
|---|---|---|---|
| 001 | nice12345678 | ||
| 003 | IN_TiNIC | ||
| 005 | 20260116013735.0 | ||
| 008 | 050524s1988 newa grp 000 0 eng | ||
| 020 |
_a8121543 _c400 |
||
| 082 | 0 | 0 |
_a294.561 _bDEH |
| 100 | _aDehejia, Vidya | ||
| 245 |
_aSlaves of the Lord _b the Path of the Tamil Saints |
||
| 260 |
_aNew Delhi _bMunshiram Manoharlal Publishers _c1988 |
||
| 300 | _a206p | ||
| 500 | _aincludes index and biblioraphy | ||
| 505 | 2 | _aAppendices, Notes, Bibliography, Index | |
| 650 | _aHindu Saints-Tamil | ||
| 650 | _aMysticism-Hinduism | ||
| 700 | 1 | _aDehejia, Vidya | |
| 902 | _bSRS | ||
| 942 | _cBK | ||
| 999 |
_c12246 _d12246 |
||